000 00516nam a22001937a 4500
003 LK-CoDNM
005 20241226120758.0
008 240905b |||||||| |||| 00| 0 eng
040 _aLK-CoDNM
_dLK-CoDNM
_eLK-CoDNM
041 _asin
080 _aRC
_b113
100 _aparaphrase a.
245 _akawslumina
260 _acolombo
_bg.j.a skeen, government printer ceylon
_c1899
300 _a201p, ; 28 cm
500 _aHand Wittenbook
650 _aපුරාතණ ගද්‍ය
942 _cBK
999 _c234211
_d234211